UM Logo

The art of the short story: (Record no. 7020)

MARC details
000 -LEADER
fixed length control field 00664nam a22001817a 4500
008 - FIXED-LENGTH DATA ELEMENTS--GENERAL INFORMATION
fixed length control field 170713b xxu||||| |||| 00| 0 eng d
020 ## - INTERNATIONAL STANDARD BOOK NUMBER
International Standard Book Number 0-618-15575-9
082 ## - DEWEY DECIMAL CLASSIFICATION NUMBER
Edition number 2006
Classification number DC 808.831
Item number Ar7
100 ## - MAIN ENTRY--PERSONAL NAME
9 (RLIN) 21230
Personal name Martin, Wendy.
Relator term editor.
245 ## - TITLE STATEMENT
Title The art of the short story:
Remainder of title stories and authors in historical context/
Statement of responsibility, etc. Wendy Martin; with Danielle Hinrichs and Sharon Becker.
260 ## - PUBLICATION, DISTRIBUTION, ETC. (IMPRINT)
Place of publication, distribution, etc. New York:
Name of publisher, distributor, etc. Houghton Mifflin Company,
Date of publication, distribution, etc. c2006.
300 ## - PHYSICAL DESCRIPTION
Extent xxviii, 1651 pages;
Dimensions 24 cm.
500 ## - GENERAL NOTE
General note Includes index.<br/>
650 #0 - SUBJECT ADDED ENTRY--TOPICAL TERM
9 (RLIN) 21231
Topical term or geographic name as entry element Short story.
700 ## - ADDED ENTRY--PERSONAL NAME
9 (RLIN) 21232
Personal name Hinrichs, Danielle.
Relator term editor.
700 ## - ADDED ENTRY--PERSONAL NAME
9 (RLIN) 21233
Personal name Becker, Sharon
Relator term editor.
942 ## - ADDED ENTRY ELEMENTS (KOHA)
Source of classification or shelving scheme Dewey Decimal Classification
Koha item type Circulation
Holdings
Withdrawn status Lost status Source of classification or shelving scheme Damaged status Not for loan Collection code Home library Current library Date acquired Source of acquisition Total Checkouts Full call number Barcode Date last seen Copy number Price effective from Koha item type
    Dewey Decimal Classification     Circulation UM Digos College - LIC UM Digos College - LIC   Photocopied   DC 808.831 Ar7 2006 21636 06/08/2021 1 07/13/2017 Circulation